Datum a čas kvízu
33.5
Celkem bodů
Celkový počet nahraných bodů na tomto kvízu bez doplňovacích otázek.
3.
Pořadí na kvízu
Konečné umístění týmu na tomto kvízu.
Zaznamenané odpovědi
| # | Otázka | Odpověď | Body | Výsledky |
|---|---|---|---|---|
| 1. | Osm lidí včetně jednoho Čecha... | v Burkině Faso | 1 | |
| 2. | K půlročnímu vězení odsoudil n... | líbali se | 0 | |
| 3. | Minulou středu měla premiéru t... | Naked Attraction | 1 | |
| 4. | Minulý týden jsme se dozvěděli... | Venezuela | 1 | |
| 5. | V neděli se na pardubickém dos... | Stumptown; Irsko | 0.5 | |
| 6. | Rozdělení Římské říše v roce 3... | 476 (Západořímská) a 1453 (Východořímská) | 0.5 | |
| 7. | Ve 14. století Evropu sevřela... | D | 0 | |
| 8. | Adolf Hitler se nepoučil z výs... | 6. armáda, (Friedrich) Paulus | 0.5 | |
| 9. | Jak se jednoslovně nazývá tent... | Watergate | 0 | |
| 10. | Jak moc velkou chybou byl či n... | A | 1 |